Teachers leading change (Record no. 481393)

MARC details
000 -LEADER
fixed length control field 01574cam a2200373 a 4500
001 - CONTROL NUMBER
control field EDZ0000071560
003 - CONTROL NUMBER IDENTIFIER
control field StDuBDS
005 - DATE AND TIME OF LATEST TRANSACTION
control field 20161031105207.0
006 - FIXED-LENGTH DATA ELEMENTS--ADDITIONAL MATERIAL CHARACTERISTICS--GENERAL INFORMATION
fixed length control field m||||||||d||||||||
007 - PHYSICAL DESCRIPTION FIXED FIELD--GENERAL INFORMATION
fixed length control field cr |||||||||||
008 - FIXED-LENGTH DATA ELEMENTS--GENERAL INFORMATION
fixed length control field 120405s2006 enka fo| 001|0|eng d
020 ## - INTERNATIONAL STANDARD BOOK NUMBER
International Standard Book Number 9781446211465 (ebook) :
Terms of availability No price
040 ## - CATALOGING SOURCE
Original cataloging agency StDuBDS
Language of cataloging eng
Transcribing agency StDuBDS
Description conventions pn
049 ## - LOCAL HOLDINGS (OCLC)
Holding library Alfaisal Main Library
050 #0 - LIBRARY OF CONGRESS CALL NUMBER
Classification number LB2822.8
Item number .D87 2006
082 04 - DEWEY DECIMAL CLASSIFICATION NUMBER
Classification number 371.207
Edition number 23
100 1# - MAIN ENTRY--PERSONAL NAME
Personal name Durrant, Judy.
245 10 - TITLE STATEMENT
Title Teachers leading change
Medium [electronic resource] :
Remainder of title doing research for school improvement /
Statement of responsibility, etc Judy Durrant and Gary Holden.
260 ## - PUBLICATION, DISTRIBUTION, ETC. (IMPRINT)
Place of publication, distribution, etc London :
Name of publisher, distributor, etc Paul Chapman,
Date of publication, distribution, etc 2006.
300 ## - PHYSICAL DESCRIPTION
Extent 1 online resource (xxi, 185 p.) :
Other physical details ill.
490 1# - SERIES STATEMENT
Series statement Leading teachers, leading schools
504 ## - BIBLIOGRAPHY, ETC. NOTE
Bibliography, etc Includes bibliographical references and index.
520 8# - SUMMARY, ETC.
Summary, etc Within a theoretical & policy context, the authors offer practical guidance on integrating inquiry with practice, show how to encourage collaboration & critical dialogue within & between schools, & focus strongly on pupil, teacher & organizational learning.
521 ## - TARGET AUDIENCE NOTE
Target audience note Specialized.
588 ## -
-- Description based on print version record.
650 #0 - SUBJECT ADDED ENTRY--TOPICAL TERM
Topical term or geographic name as entry element School improvement programs.
655 #7 - INDEX TERM--GENRE/FORM
Genre/form data or focus term Electronic books.
Source of term local
700 1# - ADDED ENTRY--PERSONAL NAME
Personal name Holden, Gary
Fuller form of name (Gary Patrick)
710 2# - ADDED ENTRY--CORPORATE NAME
Corporate name or jurisdiction name as entry element Sage eBooks
776 08 - ADDITIONAL PHYSICAL FORM ENTRY
Display text Print version :
International Standard Book Number 9781412900676
830 #0 - SERIES ADDED ENTRY--UNIFORM TITLE
Uniform title Leading teachers, leading schools.
856 40 - ELECTRONIC LOCATION AND ACCESS
Uniform Resource Identifier <a href="http://ezproxy.alfaisal.edu/login?url=http://sk.sagepub.com/books/teachers-leading-change">http://ezproxy.alfaisal.edu/login?url=http://sk.sagepub.com/books/teachers-leading-change</a>
942 ## - ADDED ENTRY ELEMENTS (KOHA)
Source of classification or shelving scheme Library of Congress Classification
Koha item type eBooks

No items available.

Copyright © 2020 Alfaisal University Library. All Rights Reserved.
Tel: +966 11 2158948 Fax: +966 11 2157910 Email:
librarian@alfaisal.edu